Community Characters - Statistics

General Stats
  • This quiz has been taken 12 times
  • The average score is 14 of 25
Answer Stats
Hint Answer % Correct
Person he started it to get closer to Britta Perry
100%
Started the Spanish study group Jeff Winger
100%
Their TV obsessed friend Abed Nadir
91%
She went to the same high school as the previous answer Annie Edison
91%
Started as their Spanish teacher Ben Chang
91%
Oldest character in the study group Pierce Hawthorne
91%
His best friend Troy Barnes
91%
Christian mother who started her own eatery business Shirley Bennett
82%
Greendale's Dean Craig Pelton
73%
"Pop pop" Magnitude
73%
Old Greendale student: "Shut up ____" Leonard Briggs
64%
Real name of "Star-Burns" Alex Osbourne
55%
Dates Britta and Annie in Series 1 Vaughn Miller
55%
Jeff's British Professor friend Ian Duncan
45%
Professor who Jeff dates in Series 1 Michelle Slater
45%
Shirley's (ex) husband Andre Bennett
36%
Criminology Professor who also draws ducks Buzz Hickey
36%
Pierce's father Cornelius Hawthorne
36%
Student at Greendale who marries his cousin in the penultimate episode Garrett Xander Lambert
36%
Student who had a meltdown after the study group refused to pair with him in Biology 101 Todd Jacobson
36%
Greendale music student who stabbed Pierce with a pencil Vicki Cooper
27%
Head of Greendale's IT Department in the final series Elroy Patashnik
18%
Consultant hired to help Greendale in the final series Frankie Dart
18%
Abed's girlfriend Rachel
18%
Acting Professor (and conspiracy theory Professor) Sean Garrity
18%
No matching quizzes found
Score Distribution
Percent of People with Each Score
Percentile by Number Answered
Your Score History
You have not taken this quiz